Seeking meaning : A Process approach to library and information services
Guardat en:
| Autor principal: | |
|---|---|
| Format: | Llibre |
| Idioma: | Undetermined |
| Publicat: |
Westport, CN
LU
2004
|
| Matèries: | |
| Etiquetes: |
Afegir etiqueta
Sense etiquetes, Sigues el primer a etiquetar aquest registre!
|
| Thư viện lưu trữ: | Trung tâm Học liệu Trường Đại học Cần Thơ |
|---|
| LEADER | 00648nam a2200217Ia 4500 | ||
|---|---|---|---|
| 001 | CTU_102898 | ||
| 008 | 210402s9999 xx 000 0 und d | ||
| 082 | |a 025.52 | ||
| 082 | |b K96 | ||
| 100 | |a Kuhlthau, Carol Collier | ||
| 245 | 0 | |a Seeking meaning : | |
| 245 | 2 | |b A Process approach to library and information services | |
| 245 | 0 | |c Carol Collier Kuhlthau | |
| 260 | |a Westport, CN | ||
| 260 | |b LU | ||
| 260 | |c 2004 | ||
| 650 | |a Reference services ( libraries ),Information retrieval,Search behavior | ||
| 650 | |x Case studies | ||
| 650 | |z United states | ||
| 904 | |i Minh | ||
| 980 | |a Trung tâm Học liệu Trường Đại học Cần Thơ | ||